Last 25 Years: 'S' Movies Quiz Stats

 Plays Quiz Updated Jan 1, 2019

Challenge
Share
Tweet
Score 0/25 Timer 08:00
0 Plays Today
% Correct
Star Trek Into Darkness
96.7%
The Shawshank Redemption
88.5%
Slumdog Millionaire
86.9%
Spider-Man
86.4%
Sherlock Holmes
83.6%
The Sixth Sense
83.5%
The Social Network
82.1%
Superbad
78.8%
Straight Outta Compton
75.7%
Se7en
74.9%
Silver Linings Playbook
72.3%
Swiss Army Man
72.3%
Sin City
69.9%
% Correct
Seabiscuit
65.9%
Shakespeare In Love
62.4%
Star Wars: The Last Jedi
56.2%
Starship Troopers
48.6%
Snatch
48.6%
Spirited Away
46.3%
Sideways
45.7%
Smallfoot
42.2%
Swingers
41.9%
Sucker Punch
28.4%
St. Vincent
27.3%
Silent Hill
17.6%

You're not logged in!

Compare scores with friends on all Sporcle quizzes.
OR
Log In

You Might Also Like...

Show Comments

Extras

Top Quizzes Today


Score Distribution

Your Account Isn't Verified!

In order to create a playlist on Sporcle, you need to verify the email address you used during registration. Go to your Sporcle Settings to finish the process.

Report this User

Report this user for behavior that violates our Community Guidelines.

Details: